[Event "2017 Alberta Open"]
[Site "?"]
[Date "2017.10.08"]
[Round "3"]
[White "Srinivasan, Hemant"]
[Black "Koperski, Dustin"]
[Result "0-1"]
[WhiteElo "1085"]
[BlackElo "1886"]
[PlyCount "84"]
[SourceDate "2017.09.01"]

1. d4 Nf6 2. c4 c5 3. d5 b5 4. cxb5 a6 5. bxa6 g6 6. a7 Rxa7 7. Nc3 Ba6 8. Nf3
d6 9. Bg5 Bg7 10. g3 O-O 11. Bg2 Nbd7 12. O-O Nb6 13. Re1 Nfd7 14. Rc1 Nc4 15.
b3 Nce5 16. Nxe5 Nxe5 17. f4 Ng4 18. e4 Bd4+ 19. Qxd4 cxd4 20. Na4 f6 21. Bh4
Bb5 22. Bh3 Nh6 23. Be6+ Nf7 24. g4 Bxa4 25. bxa4 Rxa4 26. g5 Rxa2 27. Rc8 Qb6
28. Rec1 d3+ 29. Kh1 Rc2 30. R8xc2 dxc2 31. Be1 Qe3 32. Ra1 Qxe4+ 33. Kg1 Qd4+
34. Kg2 Qxa1 35. Bd2 c1=Q 36. Bxc1 Qxc1 37. h4 Qxf4 38. gxf6 exf6 39. Kg1 Qd2
40. Kh1 Ra8 41. Bxf7+ Kxf7 42. h5 Ra1# 0-1

[Event "2017 Alberta Open"]
[Site "?"]
[Date "2017.10.08"]
[Round "3"]
[White "Mo, Michelle"]
[Black "Thiel, Rodney"]
[Result "1-0"]
[WhiteElo "1520"]
[BlackElo "1961"]
[PlyCount "109"]
[SourceDate "2017.09.01"]

1. e4 e5 2. Nf3 Nc6 3. Bb5 a6 4. Ba4 Nf6 5. O-O Be7 6. Nc3 b5 7. Bb3 d6 8. d3
Bg4 9. h3 Bxf3 10. Qxf3 Nd4 11. Qd1 O-O 12. Ne2 Nxb3 13. axb3 d5 14. Ng3 Bc5
15. Bg5 c6 16. Qf3 h6 17. Bxf6 Qxf6 18. Qxf6 gxf6 19. Rfd1 Kh7 20. c3 Rg8 21.
Nf5 Rg5 22. Kf1 Rgg8 23. b4 Bf8 24. Ra5 c5 25. bxc5 dxe4 26. dxe4 Bxc5 27. Rda1
Rad8 28. b4 Bxf2 29. Kxf2 Rd2+ 30. Kf3 Rgxg2 31. Rf1 Rh2 32. Kg3 Rhg2+ 33. Kf3
Rh2 34. Rg1 Rhf2+ 35. Kg3 Rfe2 36. Kf3 Rf2+ 37. Kg3 Rfe2 38. Rxa6 Re3+ 39. Kh4
Rxe4+ 40. Rg4 Rxg4+ 41. hxg4 Kg6 42. Rb6 e4 43. Rb8 e3 44. Nd4 Rd1 45. Re8 Rd3
46. Nxb5 f5 47. gxf5+ Kxf5 48. Nd4+ Kf4 49. b5 Rd1 50. Kh3 Rd2 51. Re7 f5 52.
b6 Rb2 53. b7 Kg5 54. Nc6 Kf6 55. Nb4 1-0

[Event "2017 Alberta Open"]
[Site "?"]
[Date "2017.10.08"]
[Round "3"]
[White "Schocat, Eric"]
[Black "Yao, David"]
[Result "0-1"]
[WhiteElo "1868"]
[BlackElo "1787"]
[PlyCount "64"]
[SourceDate "2017.09.01"]

1. d4 Nf6 2. Nf3 d6 3. Nc3 Nbd7 4. e4 e5 5. dxe5 dxe5 6. Bd3 g6 7. Bg5 c6 8.
Qd2 Bg7 9. Bh6 O-O 10. Bxg7 Kxg7 11. O-O-O Qc7 12. h4 h5 13. Ng5 Nc5 14. f3 b5
15. g4 hxg4 16. h5 Nxh5 17. fxg4 Nxd3+ 18. cxd3 Bxg4 19. Rdg1 Qd7 20. Qg2 Nf6
21. Rf1 Rh8 22. Qf2 Qe7 23. Rhg1 Bh3 24. Nxh3 Rxh3 25. Kc2 Rd8 26. Rh1 Rdxd3
27. Rfg1 b4 28. Nd1 Nxe4 29. Qf5 Qc5+ 30. Nc3 Rd2+ 31. Kb1 Rxb2+ 32. Ka1 Rxa2+
0-1

[Event "2017 Alberta Open"]
[Site "?"]
[Date "2017.10.08"]
[Round "3"]
[White "Robertson, Trevor"]
[Black "Guevarra, Alvin"]
[Result "0-1"]
[WhiteElo "1631"]
[BlackElo "1942"]
[PlyCount "100"]
[SourceDate "2017.09.01"]

1. d4 Nf6 2. Nf3 e6 3. c4 b6 4. Nc3 Bb4 5. Bg5 Bb7 6. e3 O-O 7. Bd3 d5 8. O-O
c5 9. cxd5 cxd4 10. Nxd4 Bxc3 11. bxc3 Qxd5 12. Nf3 Nbd7 13. Bxf6 Nxf6 14. c4
Qa5 15. Qe2 Ng4 16. h3 Ne5 17. Nxe5 Qxe5 18. Rab1 Qg5 19. f4 Qe7 20. Qc2 f5 21.
Rfd1 Qc5 22. Kf2 Qc6 23. Kg1 Rf6 24. Bf1 Qc5 25. Kf2 Rg6 26. Rd2 Be4 27. Qc1
Bxb1 28. Qxb1 Qe7 29. Qd1 Qe8 30. Rd7 Rf6 31. g3 Rf7 32. Rd6 Rc8 33. Qd4 Re7
34. Bg2 Kh8 35. Bf3 h6 36. g4 e5 37. fxe5 Rxe5 38. gxf5 Rxf5 39. Ke2 Re5 40.
Bg4 Rb8 41. a4 Qe7 42. Rd7 Qf6 43. Rxa7 Rbe8 44. Kd2 Qg5 45. Qxb6 Rxe3 46. Kc2
Qf4 47. Rd7 Qxc4+ 48. Kb2 Re2+ 49. Bxe2 Rxe2+ 50. Ka3 Ra2# 0-1

[Event "2017 Alberta Open"]
[Site "?"]
[Date "2017.10.08"]
[Round "3"]
[White "Chao, Lucy"]
[Black "Malek, Omid"]
[Result "0-1"]
[WhiteElo "1650"]
[BlackElo "2146"]
[PlyCount "104"]
[SourceDate "2017.09.01"]

1. e4 e6 2. d4 d5 3. Nd2 Nc6 4. c3 e5 5. exd5 Qxd5 6. Ngf3 exd4 7. Bc4 Qh5 8.
Qe2+ Be7 9. cxd4 Nf6 10. Bb5 O-O 11. Bxc6 bxc6 12. Ne5 Qxe2+ 13. Kxe2 c5 14.
Ndf3 Ba6+ 15. Kd1 cxd4 16. Nxd4 Rad8 17. Nec6 Rxd4+ 18. Nxd4 Rd8 19. Kc2 Rxd4
20. Bd2 Bd3+ 21. Kc3 c5 22. b3 Ne4+ 23. Kb2 Nxd2 24. Rhe1 Ne4 25. f3 Bf6 26.
Rad1 Nd6 27. Kc1 Bf5 28. g4 Be6 29. b4 Rc4+ 30. Kd2 Rxb4 31. Ke2 Rb2+ 32. Kf1
Bd4 33. Rc1 g5 34. Re2 Bc4 35. Rxc4 Nxc4 36. Rxb2 Nxb2 37. Ke2 Kg7 38. Kd2 Kf6
39. h3 Ke5 40. a3 Kf4 41. Ke2 a5 42. Kd2 Nc4+ 43. Kd3 Nxa3 44. h4 gxh4 45. g5
h3 46. g6 fxg6 47. Kd2 c4 48. Ke1 Ke3 49. Kf1 Kxf3 50. Ke1 Be3 51. Kf1 h2 52.
Ke1 h1=R# 0-1

[Event "2017 Alberta Open"]
[Site "?"]
[Date "2017.10.08"]
[Round "3"]
[White "Rohatynski, Jordan"]
[Black "Windram, James"]
[Result "1-0"]
[WhiteElo "1608"]
[BlackElo "1586"]
[PlyCount "101"]
[SourceDate "2017.09.01"]

1. e4 c5 2. b3 Nc6 3. Nf3 d6 4. Bb2 Bd7 5. Bc4 Nf6 6. d3 g6 7. Nbd2 Bg7 8. e5
Nh5 9. Bxf7+ Kxf7 10. e6+ Kg8 11. Bxg7 Kxg7 12. exd7 Qxd7 13. g3 Qe6+ 14. Ne4
d5 15. Nfg5 Qe5 16. f4 Qb2 17. Ne6+ Kf7 18. N4g5+ Kf6 19. O-O h6 20. Qg4 hxg5
21. fxg5+ Ke5 22. Nc7 Qd4+ 23. Qxd4+ Nxd4 24. Rae1+ Kd6 25. Nxa8 Rxa8 26. Rf7
Re8 27. g4 Ng7 28. Rxg7 Nf3+ 29. Kf2 Nxe1 30. Kxe1 Rh8 31. Rxg6+ Kd7 32. Rh6
Rg8 33. g6 Ke6 34. Kf2 Kf6 35. h4 e5 36. Ke3 b5 37. c4 bxc4 38. bxc4 dxc4 39.
dxc4 Rd8 40. g5+ Kg7 41. h5 e4 42. Rh7+ Kg8 43. h6 Rd3+ 44. Kxe4 Rd4+ 45. Ke5
Rd1 46. Rxa7 Re1+ 47. Kd5 Rd1+ 48. Kxc5 Kf8 49. h7 Rh1 50. g7+ Ke8 51. g8=Q#
1-0

[Event "2017 Alberta Open"]
[Site "?"]
[Date "2017.10.09"]
[Round "5"]
[White "Briones, Dante"]
[Black "Wei, Daniel"]
[Result "1-0"]
[WhiteElo "2017"]
[BlackElo "1799"]
[PlyCount "31"]
[SourceDate "2017.09.01"]

1. e4 c5 2. Nf3 Nc6 3. Bb5 g6 4. O-O Bg7 5. Bxc6 bxc6 6. e5 Nh6 7. d3 Rb8 8.
Nc3 O-O 9. Ne4 Qa5 10. Bd2 Qc7 11. Nxc5 Rxb2 12. Nb3 d6 13. Qc1 dxe5 14. Bxh6
Bxh6 15. Qxh6 Rxc2 16. Ng5 1-0

[Event "2017 Alberta Open"]
[Site "?"]
[Date "2017.10.09"]
[Round "5"]
[White "Chandra, Anand Rishi"]
[Black "Kalisvaart, Peter"]
[Result "0-1"]
[WhiteElo "1835"]
[BlackElo "2068"]
[PlyCount "60"]
[SourceDate "2017.09.01"]

1. e4 c6 2. d4 d5 3. Nc3 dxe4 4. Nxe4 Bf5 5. Ng3 Bg6 6. Nf3 Nd7 7. Bd3 e6 8.
O-O Bd6 9. Re1 Ngf6 10. c3 O-O 11. Ng5 Bxd3 12. Qxd3 h6 13. N5e4 Bc7 14. Qf3
Nxe4 15. Nxe4 Qh4 16. h3 Rae8 17. b3 f5 18. Ng3 Bd6 19. Bb2 Nf6 20. c4 g5 21.
d5 cxd5 22. Bxf6 Rxf6 23. cxd5 Bxg3 24. Qxg3 Qxg3 25. fxg3 e5 26. Re2 Rd6 27.
Rd1 Kf7 28. g4 f4 29. Re4 Kf6 30. Kf2 Red8 0-1

[Event "2017 Alberta Open"]
[Site "?"]
[Date "2017.10.09"]
[Round "5"]
[White "Zeggelaar, Mike"]
[Black "Yao, David"]
[Result "1/2-1/2"]
[WhiteElo "1938"]
[BlackElo "1837"]
[PlyCount "59"]
[SourceDate "2017.09.01"]

1. e4 d6 2. d4 Nf6 3. Nc3 g6 4. f4 Bg7 5. e5 dxe5 6. dxe5 Qxd1+ 7. Kxd1 Nfd7 8.
Nd5 Kd8 9. Nf3 e6 10. Nc3 b6 11. Be3 Bb7 12. Be2 c5 13. Nb5 Bc6 14. Ng5 Bxb5
15. Bxb5 Ke7 16. Ke1 a6 17. Be2 Nc6 18. c3 f6 19. exf6+ Nxf6 20. Rf1 h6 21. Nh3
Nd5 22. Bg1 Nxc3 23. bxc3 Bxc3+ 24. Kf2 Bd4+ 25. Kf3 Bxa1 26. Rxa1 Nd4+ 27.
Bxd4 cxd4 28. Ke4 Rhd8 29. Rd1 Rac8 30. Bxa6 1/2-1/2

[Event "2017 Alberta Open"]
[Site "?"]
[Date "2017.10.09"]
[Round "5"]
[White "Findlay, Ian"]
[Black "Karmali, Hafiz"]
[Result "1-0"]
[WhiteElo "2220"]
[BlackElo "1985"]
[PlyCount "83"]
[SourceDate "2017.09.01"]

1. e4 Nf6 2. e5 Nd5 3. d4 d6 4. Nf3 Bg4 5. Be2 e6 6. O-O Nd7 7. c4 N5b6 8. exd6
cxd6 9. b3 Nf6 10. Nc3 d5 11. Bf4 Nh5 12. Be5 f6 13. Ng5 fxe5 14. Bxg4 Qxg5 15.
Bxh5+ g6 16. Bg4 dxc4 17. Nb5 O-O-O 18. bxc4 a6 19. c5 Bxc5 20. Qc1 Qxc1 21.
Raxc1 axb5 22. Rxc5+ Kb8 23. Rxb5 Rxd4 24. h3 Rd6 25. Rxe5 Nc4 26. Rxe6 Rd2 27.
Re2 Rhd8 28. Rfe1 Na3 29. Rxd2 Rxd2 30. Re2 Rxe2 31. Bxe2 Kc7 32. Bd3 Kd6 33.
Kf1 Kd5 34. Ke2 Kd4 35. f4 Kc3 36. g4 b5 37. f5 gxf5 38. gxf5 Nc4 39. Bxc4 bxc4
40. f6 Kb2 41. f7 c3 42. f8=Q 1-0

[Event "2017 Alberta Open"]
[Site "?"]
[Date "2017.10.09"]
[Round "5"]
[White "Koperski, Dustin"]
[Black "Sharma, Vishruth"]
[Result "1-0"]
[WhiteElo "1889"]
[BlackElo "1680"]
[PlyCount "65"]
[SourceDate "2017.09.01"]

1. e4 c5 2. d4 cxd4 3. c3 Nf6 4. e5 Nd5 5. Qxd4 e6 6. Nf3 b6 7. Bd3 Qc7 8. O-O
Bb7 9. Re1 Bc5 10. Qg4 Nc6 11. a3 O-O-O 12. c4 f5 13. Qg3 Nde7 14. b4 Bd4 15.
Nxd4 Nxd4 16. Qe3 Nb3 17. Ra2 Nxc1 18. Rxc1 g5 19. c5 b5 20. Bxb5 f4 21. Qd2
Qxe5 22. Qd6 Qd5 23. Qxd5 Bxd5 24. Rac2 Kb7 25. Nc3 d6 26. Nxd5 Nxd5 27. c6+
Kc7 28. Bd3 Nf6 29. b5 e5 30. Bf5 Rb8 31. a4 Rhd8 32. Rb2 a6 33. b6+ 1-0

[Event "2017 Alberta Open"]
[Site "?"]
[Date "2017.10.09"]
[Round "5"]
[White "Windram, James"]
[Black "MacDonald, Dean"]
[Result "1-0"]
[WhiteElo "1586"]
[BlackElo "1461"]
[PlyCount "79"]
[SourceDate "2017.09.01"]

1. e4 e5 2. Nf3 Nc6 3. Bc4 Nf6 4. d3 Be7 5. c3 O-O 6. Bb3 d5 7. Qe2 dxe4 8.
dxe4 Bg4 9. O-O Qc8 10. Rd1 Bh5 11. h3 Bc5 12. Bg5 Be7 13. Nbd2 Re8 14. Nf1 Na5
15. Ba4 Nc6 16. Ng3 Bg6 17. Bxc6 bxc6 18. Nxe5 Qe6 19. Nxg6 fxg6 20. b4 Nxe4
21. Bxe7 Rxe7 22. Qxe4 Qxe4 23. Nxe4 Rxe4 24. Rd7 Rc8 25. Kf1 Kf8 26. Re1 Rxe1+
27. Kxe1 Re8+ 28. Kd2 Rc8 29. a4 g5 30. g4 a6 31. c4 Rb8 32. Kc3 Rb7 33. c5 h6
34. Kc4 Kg8 35. b5 axb5+ 36. axb5 cxb5+ 37. Kb4 Kf8 38. c6 Rb8 39. Rxc7 g6 40.
Rb7 1-0

[Event "2017 Alberta Open"]
[Site "?"]
[Date "2017.10.09"]
[Round "5"]
[White "Daniluk, Jim"]
[Black "Matras-Clement, Agnieszka"]
[Result "0-1"]
[WhiteElo "1950"]
[BlackElo "2304"]
[PlyCount "54"]
[SourceDate "2017.09.01"]

1. d4 d5 2. Bf4 Nf6 3. e3 Bf5 4. c3 e6 5. Nf3 Bd6 6. Ne5 O-O 7. Nd2 c5 8. h3 h6
9. g4 Bh7 10. g5 hxg5 11. Bxg5 Be7 12. h4 Nc6 13. Rg1 Ne8 14. Ndf3 f6 15. Nxc6
bxc6 16. Bh3 Nc7 17. Bh6 Rf7 18. Bf4 Bd6 19. Bxd6 Qxd6 20. dxc5 Qxc5 21. Nd4
Qd6 22. Qg4 c5 23. Ne2 Rb8 24. O-O-O Qa6 25. a3 Bf5 26. Qg3 Bxh3 27. Qxh3 Qxe2
0-1

[Event "2017 Alberta Open"]
[Site "?"]
[Date "2017.10.09"]
[Round "5"]
[White "Offengenden, Ron"]
[Black "Ratte, Cameron"]
[Result "0-1"]
[WhiteElo "1634"]
[BlackElo "1666"]
[PlyCount "72"]
[SourceDate "2017.09.01"]

1. e4 c5 2. Nf3 Nc6 3. d4 cxd4 4. Nxd4 Nf6 5. Nc3 e5 6. Ndb5 d6 7. Bg5 a6 8.
Bxf6 gxf6 9. Na3 b5 10. Nd5 f5 11. Bd3 Be6 12. Qd2 Bg7 13. Ne3 f4 14. Nd5 O-O
15. O-O-O Ne7 16. Nxe7+ Qxe7 17. Kb1 Rac8 18. c3 Qb7 19. Qe2 f5 20. exf5 Rxf5
21. Be4 Qf7 22. Rxd6 Bxa2+ 23. Ka1 Rf6 24. Rxf6 Bxf6 25. Qg4+ Bg7 26. Qxc8+ Bf8
27. Qxa6 b4 28. c4 Qd7 29. Bd5+ Kh8 30. Kxa2 bxa3 31. bxa3 e4 32. Qe6 Qg7 33.
Qxe4 Qc3 34. Re1 Qxa3+ 35. Kb1 Qb3+ 36. Ka1 Bg7+ 0-1

[Event "2017 Alberta Open"]
[Site "?"]
[Date "2017.10.09"]
[Round "5"]
[White "Maxwell, Jonathan"]
[Black "Kadavil, Suresh"]
[Result "1-0"]
[WhiteElo "1469"]
[BlackElo "1604"]
[PlyCount "87"]
[SourceDate "2017.09.01"]

1. e4 d6 2. d4 g6 3. Nf3 Bg7 4. Bc4 Bg4 5. c3 e6 6. Nbd2 Nc6 7. h3 Bxf3 8. Nxf3
Nge7 9. d5 exd5 10. exd5 Ne5 11. Nxe5 Bxe5 12. Qa4+ c6 13. dxc6 bxc6 14. Bh6
Qb6 15. O-O-O Nf5 16. f4 Nxh6 17. fxe5 dxe5 18. Bd5 O-O 19. Qxc6 Rab8 20. Qxb6
Rxb6 21. b4 Nf5 22. Rhe1 Rc8 23. Kb2 a5 24. a3 axb4 25. axb4 Ne7 26. Rxe5 Nxd5
27. Rexd5 Rbc6 28. Rd8+ Kg7 29. Rxc8 Rxc8 30. Kb3 Kf6 31. Rd5 Ke6 32. c4 f5 33.
b5 h5 34. Kb4 g5 35. Rc5 Rxc5 36. Kxc5 f4 37. Kc6 g4 38. hxg4 hxg4 39. b6 f3
40. gxf3 gxf3 41. b7 f2 42. b8=Q f1=Q 43. Qe8+ Kf6 44. Qf8+ 1-0

[Event "2017 Alberta Open"]
[Site "?"]
[Date "2017.10.09"]
[Round "5"]
[White "Rohatynski, Jordan"]
[Black "Guevarra, Alvin"]
[Result "1-0"]
[WhiteElo "1608"]
[BlackElo "1942"]
[PlyCount "69"]
[SourceDate "2017.09.01"]

1. e4 d6 2. d4 Nf6 3. Nc3 g6 4. h3 Bg7 5. Bc4 O-O 6. Nge2 Nc6 7. O-O Nxe4 8.
Nxe4 d5 9. Bxd5 Qxd5 10. N4c3 Qh5 11. d5 Rd8 12. Nf4 Qxd1 13. Rxd1 Nb4 14. Rd2
Bh6 15. Re2 Bg5 16. a3 Na6 17. Nxg6 hxg6 18. Bxg5 f6 19. Bf4 Kf7 20. Rae1 Rd7
21. b4 c6 22. d6 e5 23. Bxe5 fxe5 24. Rxe5 Rxd6 25. Ne4 Rd8 26. Ng5+ Kg8 27.
Re7 Rd7 28. Re8+ Kg7 29. Ne6+ Kf6 30. Re4 Rh7 31. Nf8 Rc7 32. Rf4+ Kg5 33. g3
Rb8 34. Rh4 Bf5 35. Rxb8 1-0

[Event "2017 Alberta Open"]
[Site "?"]
[Date "2017.10.09"]
[Round "5"]
[White "McKay, Arnold"]
[Black "Bertrand, Daryl"]
[Result "0-1"]
[WhiteElo "1826"]
[BlackElo "2034"]
[PlyCount "80"]
[SourceDate "2017.09.01"]

1. e4 e5 2. Nf3 Nc6 3. Bb5 a6 4. Ba4 Nf6 5. O-O Be7 6. Re1 b5 7. Bb3 O-O 8. c3
d5 9. d3 Bb7 10. Nbd2 Bc5 11. Nf1 dxe4 12. dxe4 Qxd1 13. Bxd1 Rad8 14. Bc2 b4
15. Bg5 Be7 16. h3 h6 17. Be3 Nd7 18. Ng3 Rfe8 19. c4 Nc5 20. Nf5 Bf8 21. b3
Ne6 22. Rad1 Kh7 23. Ng3 g6 24. Rxd8 Rxd8 25. Rd1 Bd6 26. Rd2 Kg7 27. Ne1 Ncd4
28. Bd1 f5 29. exf5 gxf5 30. Bxd4 Nxd4 31. Nf3 Bxf3 32. gxf3 c5 33. Nf1 e4 34.
fxe4 fxe4 35. Ng3 Bxg3 36. fxg3 Nf3+ 37. Bxf3 Rxd2 38. Bxe4 Rxa2 39. Bc6 Ra3
40. Bb7 Rxb3 0-1

[Event "2017 Alberta Open"]
[Site "?"]
[Date "2017.10.09"]
[Round "5"]
[White "Mo, Michelle"]
[Black "Zhao, Ian"]
[Result "0-1"]
[WhiteElo "1520"]
[BlackElo "2015"]
[PlyCount "88"]
[SourceDate "2017.09.01"]

1. e4 e5 2. Nf3 Nc6 3. Bb5 a6 4. Ba4 Nf6 5. O-O Be7 6. Nc3 b5 7. Bb3 O-O 8. d3
d6 9. h3 Na5 10. Bd5 c6 11. Bb3 Re8 12. Be3 Bb7 13. Ne2 Nxb3 14. axb3 Bf8 15.
Bg5 h6 16. Bxf6 Qxf6 17. Re1 Rad8 18. Ng3 d5 19. c3 dxe4 20. Nxe4 Qe6 21. Qc2
c5 22. Rad1 f5 23. Ned2 Qg6 24. Kh1 Kh8 25. Re2 Bd6 26. Rg1 Qh5 27. Re3 g5 28.
Qd1 e4 29. dxe4 fxe4 30. Nh2 Qxd1 31. Rxd1 Bf4 32. Re2 Rd3 33. Nhf3 Red8 34.
Ne1 Rxd2 35. Rdxd2 Rxd2 36. Rxd2 Bxd2 37. Nc2 Bc1 38. c4 bxc4 39. bxc4 Bxb2 40.
Ne3 a5 41. Nc2 a4 42. Kh2 e3 43. f3 e2 44. Kg1 Bd4+ 0-1

[Event "2017 Alberta Open"]
[Site "?"]
[Date "2017.10.09"]
[Round "5"]
[White "Robertson, Trevor"]
[Black "Young, Joseph"]
[Result "1-0"]
[WhiteElo "1631"]
[BlackElo "1853"]
[PlyCount "89"]
[SourceDate "2017.09.01"]

1. c4 Nf6 2. Nc3 e6 3. d4 d5 4. cxd5 exd5 5. e3 Bf5 6. Nf3 c6 7. Bd3 Bxd3 8.
Qxd3 Bb4 9. Bd2 Nbd7 10. O-O O-O 11. Rac1 Re8 12. a3 Bd6 13. Ne2 Ne4 14. Ng3
Nb6 15. Nf5 Bf8 16. Ba5 Qf6 17. Bxb6 axb6 18. Ng3 Bd6 19. Nd2 Nxd2 20. Qxd2
Rad8 21. Rfe1 c5 22. Ne2 c4 23. h3 Bf8 24. Nc3 Qc6 25. Qc2 Qf6 26. Qa4 Qc6 27.
Qb5 f5 28. Re2 Re6 29. Rce1 Qd6 30. Rd1 Rd7 31. f3 g6 32. e4 fxe4 33. fxe4 dxe4
34. Qxc4 Kh8 35. d5 Re5 36. Rxe4 Bg7 37. Rxe5 Bxe5 38. Ne4 Qe7 39. b4 Rd8 40.
d6 Qd7 41. Qd5 Qf5 42. g3 Rf8 43. d7 Rd8 44. Nd6 Rxd7 45. Nxf5 1-0

[Event "2017 Alberta Open"]
[Site "?"]
[Date "2017.10.09"]
[Round "5"]
[White "Ng, Gary"]
[Black "Timmerman, Brian"]
[Result "1/2-1/2"]
[WhiteElo "2386"]
[BlackElo "2038"]
[PlyCount "89"]
[SourceDate "2017.09.01"]

1. Nf3 Nf6 2. c4 g6 3. b3 Bg7 4. Bb2 O-O 5. g3 d6 6. d4 Nbd7 7. Bg2 e5 8. dxe5
Ng4 9. O-O Ngxe5 10. Nxe5 Nxe5 11. Qd2 Re8 12. Nc3 Rb8 13. Rad1 Be6 14. e4 Nc6
15. Nd5 Bxb2 16. Qxb2 Bxd5 17. cxd5 Ne5 18. Qd4 a6 19. f4 Nd7 20. Bh3 Qe7 21.
Rfe1 Rbd8 22. Re3 Qf6 23. Qd2 Re7 24. Rde1 Rde8 25. Bg2 h6 26. b4 Nb6 27. Rc1
Qg7 28. Rec3 f5 29. e5 dxe5 30. d6 cxd6 31. Qxd6 Re6 32. Bd5 Nxd5 33. Qxd5 Kh7
34. Rc7 R6e7 35. Qxb7 e4 36. Rxe7 Rxe7 37. Qxa6 Qd4+ 38. Kf1 Kg7 39. Qc4 Qd6
40. Ke2 Rd7 41. Qc3+ Kh7 42. b5 Qd5 43. a4 Qa2+ 44. Qc2 Qa3 45. Qc3 1/2-1/2

[Event "2017 Alberta Open"]
[Site "?"]
[Date "2017.10.09"]
[Round "5"]
[White "Haessel, Dale"]
[Black "Malek, Dale"]
[Result "1/2-1/2"]
[WhiteElo "2322"]
[BlackElo "2146"]
[PlyCount "148"]
[SourceDate "2017.09.01"]

1. d4 Nf6 2. c4 e6 3. Nc3 Bb4 4. e3 b6 5. Nge2 c5 6. a3 Ba5 7. f3 O-O 8. Kf2
Bxc3 9. Nxc3 d6 10. d5 e5 11. Bd3 Na6 12. Qc2 Nc7 13. h4 a6 14. g4 b5 15. b3 b4
16. axb4 cxb4 17. g5 Nh5 18. Na2 Rb8 19. Bd2 a5 20. Bxh7+ Kh8 21. Rhg1 Na6 22.
Bd3 a4 23. Be2 Qb6 24. Kg2 g6 25. Rab1 a3 26. f4 exf4 27. exf4 Qd4 28. Rbf1 Bf5
29. Qd1 Kg8 30. Rf2 Rfe8 31. Re1 Be4+ 32. Bf3 Bxf3+ 33. Qxf3 Rxe1 34. Bxe1 Ng7
35. Re2 Nf5 36. Bf2 Qh8 37. Kh3 Nd4 38. Bxd4 Qxd4 39. f5 gxf5 40. Qxf5 Rf8 41.
h5 Qd1 42. Qf3 Qb1 43. h6 Qg6 44. Qe3 Qh5+ 45. Kg3 Qg6 46. Rf2 Nc5 47. Rf3 f5
48. Nxb4 Re8 49. Qf4 Re5 50. Re3 Ne4+ 51. Kh4 Nxg5 52. Rxe5 Qxh6+ 53. Kg3 dxe5
54. Qxf5 Nf7 55. Qg4+ Kf8 56. Qc8+ Kg7 57. Qg4+ Kf8 58. Qe2 Qb6 59. Qd2 Qg1+
60. Kf3 Ng5+ 61. Ke2 Qg4+ 62. Kd3 Qf5+ 63. Ke2 Qf3+ 64. Ke1 Qxb3 65. Qxg5 Qxb4+
66. Kf2 Qb2+ 67. Kf3 Qc3+ 68. Kg2 Qc2+ 69. Kf3 e4+ 70. Kg3 Qc3+ 71. Kh2 Qh8+
72. Kg3 a2 73. Qd8+ Kg7 74. Qe7+ Kg8 1/2-1/2

[Event "2017 Alberta Open"]
[Site "?"]
[Date "2017.10.09"]
[Round "5"]
[White "Chen, Jeffrey"]
[Black "Chao, Lucy"]
[Result "0-1"]
[WhiteElo "1465"]
[BlackElo "1634"]
[PlyCount "92"]
[SourceDate "2017.09.01"]

1. e4 Nf6 2. e5 Nd5 3. c4 Nb6 4. c5 Nd5 5. Nc3 Nxc3 6. bxc3 d6 7. cxd6 exd6 8.
exd6 Bxd6 9. d4 O-O 10. Be3 c6 11. Bd3 Re8 12. Ne2 Bg4 13. Qb1 Qh4 14. Qxb7
Rxe3 15. g3 Qe7 16. Qxe7 Rxe7 17. Kd2 Nd7 18. Nc1 Nf6 19. Nb3 Ne4+ 20. Bxe4
Rxe4 21. f4 Rae8 22. Nc1 Ba3 23. Kc2 Bxc1 24. Raxc1 Re2+ 25. Kb3 Be6+ 26. c4
Rb8+ 27. Ka3 Rd2 28. Rb1 Rxb1 29. Rxb1 h6 30. Rb7 Bxc4 31. Rc7 Bd5 32. Kb4 Rxa2
33. h4 a5+ 34. Kc3 a4 35. Ra7 a3 36. Kb4 Ra1 37. Kc5 Rc1+ 38. Kb6 a2 39. g4
a1=Q 40. Rxa1 Rxa1 41. g5 hxg5 42. hxg5 Re1 43. Kc5 Kh7 44. f5 Rg1 45. g6+ fxg6
46. fxg6+ Rxg6 0-1

[Event "2017 Alberta Open"]
[Site "?"]
[Date "2017.10.09"]
[Round "5"]
[White "Srinivasan, Hemant"]
[Black "Beresinski, Piotr"]
[Result "0-1"]
[WhiteElo "1164"]
[BlackElo "1838"]
[PlyCount "47"]
[SourceDate "2017.09.01"]

1. d4 d6 2. e4 Nf6 3. Nc3 Nbd7 4. Nf3 e5 5. dxe5 dxe5 6. Bg5 Be7 7. Bc4 c6 8.
a4 Qa5 9. O-O O-O 10. Bxf6 Nxf6 11. h3 h6 12. Nh4 Rd8 13. Qf3 Qc7 14. Nf5 Bf8
15. Nxh6+ gxh6 16. Qxf6 Bxh3 17. gxh3 Rd6 18. Qf3 Bg7 19. Kh1 Rf6 20. Qg3 Kh8
21. Rg1 Rg6 22. Qf3 Qe7 23. Rxg6 fxg6 24. Rd1 {unreadable} 0-1

[Event "2017 Alberta Open"]
[Site "?"]
[Date "2017.10.09"]
[Round "6"]
[White "Samalio, Izacc"]
[Black "Han, Alex"]
[Result "0-1"]
[WhiteElo "1037"]
[BlackElo "1164"]
[PlyCount "32"]
[SourceDate "2017.09.01"]

1. d4 d5 2. c4 e6 3. Nc3 Nf6 4. Bg5 Bb4 5. Nf3 O-O 6. a3 Bxc3+ 7. bxc3 b6 8. e3
Bb7 9. Be2 c5 10. O-O Nbd7 11. Qc2 Qc7 12. Bf4 Qc8 13. Ne5 Nxe5 14. Bxe5 Qc6
15. Rab1 dxc4 16. Bxc4 Qxg2# 0-1

[Event "2017 Alberta Open"]
[Site "?"]
[Date "2017.10.09"]
[Round "6"]
[White "Maxwell, Jonathan"]
[Black "Chandra, Anand Rishi"]
[Result "0-1"]
[WhiteElo "1469"]
[BlackElo "1808"]
[PlyCount "50"]
[SourceDate "2017.09.01"]

1. c4 Nf6 2. g3 d5 3. d4 g6 4. Bg2 Bg7 5. Nc3 c6 6. Nf3 O-O 7. O-O Re8 8. cxd5
cxd5 9. Qb3 Nc6 10. Bf4 Nh5 11. Nxd5 Nxf4 12. Nxf4 Nxd4 13. Nxd4 Qxd4 14. Nd5
Be6 15. Rab1 Rac8 16. Qxb7 Bxd5 17. Qxd5 Qxd5 18. Bxd5 Rc2 19. b4 Rxe2 20. a4
Bd4 21. b5 Rd8 22. Bc6 Bb6 23. Ra1 Rdd2 24. a5 Bxf2+ 25. Kh1 Bd4 0-1

[Event "2017 Alberta Open"]
[Site "?"]
[Date "2017.10.09"]
[Round "6"]
[White "Matras-Clement, Agnieszka"]
[Black "Ng, Gary"]
[Result "1/2-1/2"]
[WhiteElo "2308"]
[BlackElo "2386"]
[PlyCount "24"]
[SourceDate "2017.09.01"]

1. e4 c6 2. d4 d5 3. exd5 cxd5 4. c4 Nf6 5. Nc3 e6 6. Nf3 Bb4 7. cxd5 Nxd5 8.
Bd2 Nc6 9. Bd3 Be7 10. O-O O-O 11. Qe2 Bf6 12. Qe4 g6 1/2-1/2

[Event "2017 Alberta Open"]
[Site "?"]
[Date "2017.10.09"]
[Round "6"]
[White "Kadavil, Suresh"]
[Black "Lau, Julian"]
[Result "0-1"]
[WhiteElo "1604"]
[BlackElo "1536"]
[PlyCount "56"]
[SourceDate "2017.09.01"]

1. a4 e5 2. d3 d5 3. g3 Nf6 4. Bg2 Bc5 5. e4 dxe4 6. dxe4 Bxf2+ 7. Ke2 Bg4+ 8.
Nf3 Qxd1+ 9. Rxd1 Bc5 10. h3 Bh5 11. g4 Bg6 12. Nc3 Nc6 13. Nh4 Nd4+ 14. Kd3
O-O-O 15. Nxg6 hxg6 16. Kc4 Bb6 17. a5 Nxc2 18. Ra2 Be3 19. Rf1 Bxc1 20. Rxc1
Ne3+ 21. Kb4 Rd4+ 22. Kb3 Nxg2 23. Nb5 Rxh3+ 24. Kc2 Ne3+ 25. Kb1 Rc4 26. Nxa7+
Kb8 27. Nb5 Nxe4 28. Ra3 Nd2+ 0-1

[Event "2017 Alberta Open"]
[Site "?"]
[Date "2017.10.09"]
[Round "6"]
[White "Bertrand, Daryl"]
[Black "Rohatynski, Jordan"]
[Result "1-0"]
[WhiteElo "2034"]
[BlackElo "1608"]
[PlyCount "57"]
[SourceDate "2017.09.01"]

1. e4 e5 2. Nf3 Nf6 3. Nxe5 Qe7 4. Nf3 Nxe4 5. Be2 g6 6. O-O Nc5 7. d4 Ne4 8.
Bd3 d5 9. c4 c6 10. cxd5 cxd5 11. Re1 Bg7 12. Nc3 Be6 13. Bxe4 dxe4 14. Rxe4
O-O 15. Bf4 Qd7 16. Qe1 Nc6 17. Ne5 Nxe5 18. dxe5 Bf5 19. Rd1 Qc6 20. Red4 Qb6
21. Qd2 Rfe8 22. Nd5 Qd8 23. Bg5 Qb8 24. Nf6+ Bxf6 25. Bxf6 Rxe5 26. Rd8+ Qxd8
27. Qxd8+ Rxd8 28. Rxd8+ Re8 29. Rxe8# 1-0

[Event "2017 Alberta Open"]
[Site "?"]
[Date "2017.10.09"]
[Round "6"]
[White "Kalisvaart, Peter"]
[Black "Findlay, Ian"]
[Result "1/2-1/2"]
[WhiteElo "2048"]
[BlackElo "2220"]
[PlyCount "88"]
[SourceDate "2017.09.01"]

1. d4 e6 2. c4 Nf6 3. Nc3 c5 4. Nf3 cxd4 5. Nxd4 d5 6. e3 Nc6 7. cxd5 exd5 8.
Be2 Bc5 9. O-O O-O 10. Bf3 Bb6 11. Nxc6 bxc6 12. b3 Re8 13. Ba3 Ba6 14. Re1 Rc8
15. Rc1 h6 16. g3 Qd7 17. Na4 Ne4 18. Bxe4 Rxe4 19. Nc5 Bxc5 20. Bxc5 Rce8 21.
f3 R4e6 22. Rc2 Rf6 23. Rf2 Bc8 24. Qd4 a6 25. e4 dxe4 26. Qxd7 Bxd7 27. Rxe4
Rxe4 28. fxe4 Rxf2 29. Kxf2 f6 30. e5 Kf7 31. Ke3 Ke6 32. Bf8 Kf7 33. Bd6 g5
34. Kd4 Ke6 35. Bf8 h5 36. Bh6 c5+ 37. Kxc5 Kxe5 38. Bg7 Bb5 39. a4 Be2 40. b4
Ke6 41. b5 axb5 42. axb5 Kd7 43. b6 Kc8 44. Kd6 Kb7 {unreadable} 1/2-1/2